Do you really need surgery? (Record no. 45622)
[ view plain ]
| 000 -LEADER | |
|---|---|
| fixed length control field | 02077nam a22003494a 4500 |
| 082 04 - DEWEY DECIMAL CLASSIFICATION NUMBER | |
| Classification number | 618.1/059 |
| 100 1# - MAIN ENTRY--AUTHOR NAME | |
| Personal name | Moore, Michele. |
| 245 10 - TITLE STATEMENT | |
| Title | Do you really need surgery? |
| 260 ## - PUBLICATION, DISTRIBUTION, ETC. (IMPRINT) | |
| Place of publication | New Brunswick, N.J. : |
| Name of publisher | Rutgers University Press, |
| Year of publication | c2004. |
| 300 ## - PHYSICAL DESCRIPTION | |
| Number of Pages | xiv, 171 p. : |
| Other physical details | ill. |
| 505 0# - FORMATTED CONTENTS NOTE | |
| Formatted contents note | Your anatomy: where things are -- Your physiology : how things work -- What goes wrong : some common gynecologic diseases and problems -- What goes wrong : cancers -- Reaching a diagnosis: what to expect -- Non-surgical treatment of gyn problems -- Surgical treatment: "traditional" or open procedures -- Traditional hysterectomy: what to expect -- Traditional surgery: the risks -- After the surgery -- Other gynecologic surgery and treatments -- Laparoscopic surgery -- Risks of laparoscopy -- Laparoscopic surgery: how will you feel? -- Surgical choices -- Other 'Endoscopic' Surgery -- Tips to Help Make a Sensible Decision. |
| 650 #0 - SUBJECT ADDED ENTRY--TOPICAL TERM | |
| Topical Term | Generative organs, Female |
| Topical Term | Gynecology |
| Topical Term | Women |
| 700 1# - ADDED ENTRY--PERSONAL NAME | |
| Personal name | De Costa, Caroline, |
| 856 40 - ELECTRONIC LOCATION AND ACCESS | |
| Uniform Resource Identifier | http://site.ebrary.com/lib/rucke/Doc?id=10075387 |
No items available.
